MARC

LEADER 00000nam0a2200000 4500
001 328121
005 20231102004029.0
035 |a (RuTPU)RU\TPU\book\353812 
090 |a 328121 
100 |a 20170211d1967 k y0rusy50 ca 
101 0 |a rus 
102 |a UA 
105 |a a z 001zy 
200 1 |a Матричные алгоритмы теории оболочек вращения  |f Д. В. Вайнберг, В. З. Ждан 
210 |a Киев  |c Изд-во Киевского ун-та  |d 1967 
215 |a 164 с.  |c ил. 
320 |a Библиогр.: с. 158-163 
606 1 |a Оболочки вращения, тонкостенные  |2 stltpush  |3 (RuTPU)RU\TPU\subj\46502  |9 65641 
606 1 |a Оболочки вращения  |x Строительство  |2 stltpush  |3 (RuTPU)RU\TPU\subj\46499  |9 65638 
610 1 |a матричные алгоритмы 
610 1 |a уравнения 
610 1 |a решение 
610 1 |a осесимметричная деформация 
610 1 |a расчеты 
610 1 |a монографии 
610 1 |a дифференциальные уравнения 
610 1 |a расчетные схемы 
610 1 |a алгоритмы 
610 1 |a построение 
610 1 |a решение задач 
610 1 |a использование 
675 |a 539.3  |v 4 
675 |a 624.074.4  |v 4 
700 1 |a Вайнберг  |b Д. В.  |g Давид Вениаминович 
701 1 |a Ждан  |b В. З.  |g Владимир Зотикович 
801 1 |a RU  |b 63413507  |c 20170211 
801 2 |a RU  |b 63413507  |c 20170216  |g RCR 
942 |c BK